100 principles of game design / (Record no. 18988)

000 -LEADER
fixed length control field 00740cam a22002657a 4500
020 ## - INTERNATIONAL STANDARD BOOK NUMBER
ISBN 9780321902498 (pbk.)
020 ## - INTERNATIONAL STANDARD BOOK NUMBER
ISBN 0321902491 (pbk.)
040 ## - CATALOGING SOURCE
Transcribing agency NLE
082 04 - DEWEY DECIMAL CLASSIFICATION NUMBER
Classification number 794 NEW 2013 C157 Or.
245 00 - TITLE STATEMENT
Title 100 principles of game design /
246 3# - VARYING FORM OF TITLE
Title proper/short title One hundred principles of game design
246 3# - VARYING FORM OF TITLE
Title proper/short title Hundred principles of game design
246 30 - VARYING FORM OF TITLE
Title proper/short title Game design
260 ## - PUBLICATION, DISTRIBUTION, ETC. (IMPRINT)
Place of publication [Berkeley, Calif.] :
Name of publisher New Riders,
Year of publication c2013.
300 ## - PHYSICAL DESCRIPTION
Number of Pages 223 p. :
Other physical details ill. (chiefly col.) ;
Dimensions 26 cm.
490 1# - SERIES STATEMENT
Series statement NRG
500 ## - GENERAL NOTE
General note Includes index.
650 #0 - SUBJECT ADDED ENTRY--TOPICAL TERM
Topical Term Computer games
650 #0 - SUBJECT ADDED ENTRY--TOPICAL TERM
Topical Term Computer games
650 #7 - SUBJECT ADDED ENTRY--TOPICAL TERM
Topical Term Computer games
650 #7 - SUBJECT ADDED ENTRY--TOPICAL TERM
Topical Term Computer games
700 1# - ADDED ENTRY--PERSONAL NAME
Personal name Despain, Wendy.
700 1# - ADDED ENTRY--PERSONAL NAME
Personal name Acosta, Keyvan.
942 ## - ADDED ENTRY ELEMENTS (KOHA)
Koha item type ADB

No items available.

មជ្ឈមណ្ឌលឯការនៃសាកលវិទ្យាល័យភូមិន្ទកសិកម្មចំការដូង

Powered by Koha